000 00746nam a2200253 i 4500
001 C2-0334135
003 PPAK
005 20180728134019.0
008 151012s2014 xxka|||| ||||| | eng d
020 _a9781782096405
040 _aPPAK
_beng
_cPPAK
_erda
082 0 4 _a032
_223
090 0 0 _a032
_bROS
_dK
100 1 _aRoss, Stewart,
_eauthor
245 1 0 _aExtreme history
264 1 _aThaxted, Essex :
_bMiles Kelly Publishing ,
_c2014
300 _a40 pages :
_bcolour illustrations ;
_c22 cm
336 _2rdacontent
_atext
337 _2rdamedia
_aunmediated
338 _2rdacarrier
_avolume
500 _aIncludes index.
650 1 0 _aChildren's questions and answers. ; World history -- Juvenile literature.
942 _ddc
_cB
999 _c132635
_d132635